[Event "MPJ C18"]
[Site "?"]
[Date "2016.03.20"]
[Round "9.8"]
[White "Wisniewski, Michal"]
[Black "Wacior, Maciej"]
[Result "1-0"]
[LiveChessVersion "1.4.8"]
[BlackElo "2090"]
[WhiteElo "2273"]

1. e4 {[%clk 1:23:46]} c6 {[%clk 1:30:57]} 2. Nf3 {[%clk 1:24:01]} d5
{[%clk 1:31:22]} 3. Nc3 {[%clk 1:24:25]} dxe4 {[%clk 1:31:48]} 4. Nxe4
{[%clk 1:24:51]} Nd7 {[%clk 1:32:13]} 5. Bc4 {[%clk 1:18:27]} Ngf6
{[%clk 1:27:09]} 6. Neg5 {[%clk 1:18:52]} Nd5 {[%clk 1:27:17]} 7. d4
{[%clk 1:05:35]} e6 {[%clk 1:24:52]} 8. Ne5 {[%clk 0:51:39]} Bb4+
{[%clk 1:10:23]} 9. c3 {[%clk 0:42:22]} Nxe5 {[%clk 0:46:19]} 10. dxe5
{[%clk 0:42:45]} Be7 {[%clk 0:46:37]} 11. Ne4 {[%clk 0:38:05]} Qc7
{[%clk 0:46:00]} 12. f4 {[%clk 0:38:16]} b5 {[%clk 0:46:16]} 13. Bb3
{[%clk 0:38:11]} a5 {[%clk 0:46:29]} 14. O-O {[%clk 0:37:16]} Bb7
{[%clk 0:44:53]} 15. a4 {[%clk 0:35:40]} Rd8 {[%clk 0:41:09]} 16. Qg4
{[%clk 0:32:17]} g6 {[%clk 0:41:25]} 17. Kh1 {[%clk 0:31:44]} Nb6
{[%clk 0:39:03]} 18. Ng5 {[%clk 0:26:09]} h5 {[%clk 0:37:18]} 19. Qh3
{[%clk 0:25:05]} Bxg5 {[%clk 0:35:13]} 20. fxg5 {[%clk 0:25:22]} bxa4
{[%clk 0:35:11]} 21. Bxe6 {[%clk 0:25:38]} fxe6 {[%clk 0:35:02]} 22. Qxe6+
{[%clk 0:26:07]} Qe7 {[%clk 0:35:31]} 23. Qxg6+ {[%clk 0:26:36]} Kd7
{[%clk 0:36:01]} 24. Rf7 Kc8 25. Be3 {[%clk 0:24:51]} Qxe5 {[%clk 0:32:50]} 26.
Bxb6 {[%clk 0:25:12]} Rd7 {[%clk 0:21:08]} 27. Rxd7 {[%clk 0:25:12]} Kxd7
{[%clk 0:21:37]} 28. Bd4 {[%clk 0:25:40]} Qd5 {[%clk 0:20:31]} 29. Bxh8
{[%clk 0:26:01]} c5 {[%clk 0:20:58]} 30. Qc2 {[%clk 0:26:23]} 1-0

[Event "MPJ C18"]
[Site "?"]
[Date "2016.03.20"]
[Round "9.9"]
[White "Zarnowski, Krzysztof"]
[Black "Osinski, Emil"]
[Result "1/2-1/2"]
[LiveChessVersion "1.4.8"]
[BlackElo "2017"]
[WhiteElo "1940"]

1. d4 d6 2. c4 Nf6 3. Nc3 Nbd7 4. e4 e5 5. d5 g6 6. Bg5 Bg7 7. Be2 h6 8. Be3 O-O
9. Qd2 Kh7 10. g4 Nc5 11. f3 a5 12. O-O-O Ne8 13. h4 Bd7 14. Nb5 Qc8 15. h5 g5
16. Kb1 Bf6 17. Nh3 Be7 18. Nf2 Qb8 19. Rc1 Nf6 20. Rhd1 b6 21. Nh1 Ne8 22. Ng3
Ng7 23. Qc3 Qb7 24. b3 Ra6 25. Kc2 f6 26. Kd2 Kg8 27. Ke1 Kf7 28. Kf2 Rfa8 29.
Ra1 Ke8 30. Rd2 Kd8 31. Bd1 Ke8 32. a3 Bxb5 33. cxb5 R6a7 34. Rda2 Bd8 35. Qc4
Ke7 36. Bd2 Ke8 37. Nf1 Ke7 38. Ne3 Ke8 39. Bc2 Kf7 40. b4 axb4 41. axb4 Nd7 42.
Bd3 Rxa2 43. Rxa2 Rxa2 44. Qxa2 Nb8 45. Nc4 Ne8 46. Be3 Ke7 47. Qa4 Ng7 48. Ke1
Ne8 49. Kd2 Ng7 50. Kc3 Ne8 51. Nd2 Kd7 52. Bc4 Kc8 53. Nb3 Nd7 54. Qa6 Nb8 55.
Qa4 Nd7 56. Qa2 Be7 1/2-1/2

[Event "MPJ C18"]
[Site "?"]
[Date "2016.03.20"]
[Round "9.10"]
[White "Smieszek, Wojciech"]
[Black "Chomczyk, Marek"]
[Result "1-0"]
[LiveChessVersion "1.4.8"]
[BlackElo "2229"]
[WhiteElo "2182"]

1. e4 e5 2. d4 Nc6 3. Nf3 exd4 4. Nxd4 Nf6 5. Nxc6 bxc6 6. e5 Qe7 7. Qe2 Nd5 8.
c4 Nb6 9. Nc3 Qe6 10. f4 Bb4 11. Bd2 Ba6 12. b3 O-O 13. Qe4 Bxc3 14. Bxc3 d5 15.
cxd5 cxd5 16. Qd4 Bxf1 17. Rxf1 Qf5 18. Bb4 Rfe8 19. Kf2 f6 20. Kg1 fxe5 21. fxe5
Qe4 22. Qc3 Rac8 23. Rae1 Qg6 24. Qe3 Re6 25. Qf4 h6 26. Re3 Kh7 27. Rg3 Qh5 28.
Bf8 g5 29. Qf2 Nd7 30. Rh3 Rxf8 31. Qxf8 Nxf8 32. Rxh5 Kg6 33. Rh3 Nd7 34. b4 a6
35. Rc3 c6 36. Ra3 Nb8 37. Rf6+ Rxf6 38. exf6 Kxf6 39. Kf2 Ke5 40. Rh3 Nd7 41.
Rxh6 Nf6 42. Ke2 d4 43. a3 a5 44. Rxf6 Kxf6 45. bxa5 c5 46. a6 c4 47. a7 1-0

[Event "MPJ C18"]
[Site "?"]
[Date "2016.03.20"]
[Round "9.11"]
[White "Lizak, Jakub"]
[Black "Smal, Tobiasz"]
[Result "1-0"]
[LiveChessVersion "1.4.8"]
[BlackElo "2017"]
[WhiteElo "2176"]

1. e4 c5 2. Nf3 d6 3. Bb5+ Nc6 4. d4 cxd4 5. Qxd4 Bd7 6. Bxc6 Bxc6 7. Nc3 Nf6 8.
Bg5 e6 9. O-O-O Be7 10. Rhe1 O-O 11. Qd2 Qc7 12. Nd4 a6 13. f3 b5 14. g4 b4 15.
Nce2 a5 16. Ng3 Rfc8 17. Kb1 Ne8 18. Bxe7 Qxe7 19. g5 Rab8 20. f4 a4 21. Rc1 Qb7
22. f5 e5 23. Nxc6 Rxc6 24. Re3 Rc4 25. f6 g6 26. h4 Rbc8 27. h5 b3 28. axb3 axb3
29. Rxb3 Qxb3 30. cxb3 Rxc1+ 31. Qxc1 Rxc1+ 32. Kxc1 Nc7 33. h6 Kf8 34. Kc2 Ke8
35. Kd3 Kd7 36. b4 Kc6 37. Kc4 d5+ 38. exd5+ Nxd5 39. b5+ Kd6 40. Ne4+ Ke6 41.
Nc5+ Kd6 42. Nb7+ Ke6 43. Nd8+ 1-0

[Event "MPJ C18"]
[Site "?"]
[Date "2016.03.20"]
[Round "9.12"]
[White "Litner, Igor"]
[Black "Fukowski, Pawel"]
[Result "1-0"]
[LiveChessVersion "1.4.8"]
[BlackElo "1966"]
[WhiteElo "1883"]

1. d4 {[%clk 1:30:57]} Nf6 {[%clk 1:30:51]} 2. Nf3 {[%clk 1:30:39]} g6
{[%clk 1:31:14]} 3. Bf4 {[%clk 1:31:05]} Bg7 {[%clk 1:31:36]} 4. e3
{[%clk 1:30:17]} O-O {[%clk 1:31:57]} 5. h3 {[%clk 1:30:33]} d6 {[%clk 1:31:54]}
6. c3 {[%clk 1:28:22]} a6 {[%clk 1:31:22]} 7. Nbd2 {[%clk 1:28:13]} b5
{[%clk 1:31:40]} 8. Be2 {[%clk 1:26:58]} Bb7 {[%clk 1:32:04]} 9. O-O
{[%clk 1:27:18]} Nbd7 {[%clk 1:32:05]} 10. a4 {[%clk 1:27:32]} bxa4
{[%clk 1:30:45]} 11. Qxa4 {[%clk 1:27:30]} c5 {[%clk 1:30:34]} 12. Qa5
{[%clk 1:20:39]} Nd5 {[%clk 1:27:57]} 13. Qxd8 {[%clk 1:20:05]} Rfxd8
{[%clk 1:28:19]} 14. Bg3 {[%clk 1:18:59]} Bh6 {[%clk 1:27:41]} 15. Ra2
{[%clk 1:11:49]} Rdb8 {[%clk 1:19:34]} 16. Rfa1 {[%clk 1:08:45]} cxd4
{[%clk 1:17:05]} 17. exd4 {[%clk 1:08:22]} f5 {[%clk 1:09:52]} 18. Bc4
{[%clk 1:07:59]} Kf8 {[%clk 0:49:43]} 19. Ra5 {[%clk 1:05:17]} N7f6
{[%clk 0:45:42]} 20. Bh4 {[%clk 1:02:59]} Bxd2 {[%clk 0:40:26]} 21. Nxd2
{[%clk 1:02:32]} h6 {[%clk 0:39:27]} 22. Bxf6 {[%clk 0:58:14]} Nxf6
{[%clk 0:38:42]} 23. f3 {[%clk 0:58:00]} d5 {[%clk 0:27:29]} 24. Bd3
{[%clk 0:57:54]} Ke8 {[%clk 0:22:00]} 25. R1a2 {[%clk 0:57:36]} Nd7
{[%clk 0:19:57]} 26. Nf1 {[%clk 0:57:04]} Kf7 {[%clk 0:19:12]} 27. Ne3
{[%clk 0:57:19]} e6 {[%clk 0:19:12]} 28. Nc2 {[%clk 0:57:43]} Nb6
{[%clk 0:16:16]} 29. Bxa6 {[%clk 0:57:29]} Bxa6 {[%clk 0:16:25]} 30. Rxa6
{[%clk 0:57:58]} Rxa6 {[%clk 0:16:54]} 31. Rxa6 {[%clk 0:58:27]} Nc4
{[%clk 0:17:11]} 32. b4 {[%clk 0:57:34]} Nb2 {[%clk 0:16:11]} 33. Ne3
{[%clk 0:55:08]} Rc8 {[%clk 0:14:16]} 34. Ra7+ {[%clk 0:48:32]} Kf6
{[%clk 0:14:22]} 35. Ra3 {[%clk 0:47:42]} h5 {[%clk 0:11:53]} 36. Rb3
{[%clk 0:44:02]} f4 {[%clk 0:05:56]} 37. Nxd5+ {[%clk 0:41:22]} exd5
{[%clk 0:06:18]} 38. Rxb2 {[%clk 0:41:51]} Rxc3 {[%clk 0:06:25]} 39. b5
{[%clk 0:41:49]} Rc7 {[%clk 0:06:27]} 40. Kf2 {[%clk 0:39:09]} h4
{[%clk 0:05:48]} 41. Ke2 {[%clk 1:08:13]} Ke6 {[%clk 0:33:47]} 42. Kd3
{[%clk 1:08:25]} Kd6 {[%clk 0:34:00]} 43. Rc2 {[%clk 1:07:48]} Rb7
{[%clk 0:30:41]} 44. Rc6+ {[%clk 1:07:15]} Kd7 {[%clk 0:27:20]} 45. Rc5
{[%clk 1:06:07]} Ke6 {[%clk 0:24:45]} 46. Kc3 {[%clk 1:06:05]} g5
{[%clk 0:23:49]} 47. Kb4 {[%clk 1:06:27]} Ra7 {[%clk 0:23:18]} 48. Rc6+
{[%clk 1:05:28]} Kf5 {[%clk 0:23:21]} 49. b6 {[%clk 1:05:09]} Ra2
{[%clk 0:22:26]} 50. Rc3 {[%clk 1:05:36]} Ra8 {[%clk 0:22:20]} 51. b7
{[%clk 1:05:43]} Rb8 {[%clk 0:22:38]} 52. Rc7 {[%clk 1:06:09]} g4
{[%clk 0:22:08]} 53. hxg4+ {[%clk 1:06:31]} Kg5 {[%clk 0:22:36]} 54. Kc5
{[%clk 1:06:46]} h3 {[%clk 0:23:01]} 55. gxh3 {[%clk 1:07:12]} Kh4
{[%clk 0:23:16]} 56. Kc6 {[%clk 1:07:38]} Re8 {[%clk 0:21:07]} 57. Rc8
{[%clk 1:07:54]} Re3 {[%clk 0:21:33]} 58. b8=Q {[%clk 1:08:05]} Rxf3
{[%clk 0:21:55]} 59. Kxd5 {[%clk 1:08:24]} Kxh3 {[%clk 0:22:11]} 60. Rf8
{[%clk 1:07:13]} Ra3 {[%clk 0:22:12]} 61. Qxf4 {[%clk 1:05:52]} Rg3
{[%clk 0:21:01]} 62. Qxg3+ {[%clk 1:06:16]} Kxg3 {[%clk 0:21:26]} 63. g5
{[%clk 1:06:33]} Kh4 {[%clk 0:21:28]} 64. g6 {[%clk 1:06:58]} Kh5
{[%clk 0:21:56]} 65. g7 {[%clk 1:06:56]} Kh6 {[%clk 0:22:22]} 66. g8=Q
{[%clk 1:06:58]} Kh5 {[%clk 0:22:46]} 67. Qg1 {[%clk 1:07:22]} Kh6
{[%clk 0:23:08]} 68. Rh8# 1-0

[Event "MPJ C18"]
[Site "?"]
[Date "2016.03.20"]
[Round "9.13"]
[White "Januszkiewicz, Wojciech"]
[Black "Michalski, Filip"]
[Result "1/2-1/2"]
[LiveChessVersion "1.4.8"]
[BlackElo "2155"]
[WhiteElo "1922"]

1. e4 {[%clk 1:30:58]} e6 {[%clk 1:27:02]} 2. d4 {[%clk 1:31:22]} d5
{[%clk 1:27:17]} 3. Nc3 {[%clk 1:30:59]} Nf6 {[%clk 1:27:12]} 4. Bg5
{[%clk 1:28:00]} Be7 {[%clk 1:27:34]} 5. e5 {[%clk 1:28:13]} Nfd7
{[%clk 1:27:53]} 6. Bxe7 {[%clk 1:21:43]} Qxe7 {[%clk 1:28:15]} 7. f4
{[%clk 1:21:35]} a6 {[%clk 1:28:38]} 8. Qd2 {[%clk 1:21:42]} Nb6 {[%clk 1:29:01]}
9. Nf3 {[%clk 1:20:43]} Bd7 {[%clk 1:29:24]} 10. Bd3 {[%clk 1:17:15]} O-O
{[%clk 1:22:03]} 11. O-O {[%clk 1:12:35]} Nc4 {[%clk 1:17:57]} 12. Bxc4
{[%clk 1:12:59]} dxc4 {[%clk 1:18:23]} 13. Qe3 {[%clk 1:04:30]} Bc6
{[%clk 1:11:56]} 14. Rad1 {[%clk 1:00:10]} Rd8 {[%clk 1:02:31]} 15. Ng5
{[%clk 0:51:00]} h6 {[%clk 0:59:32]} 16. Nge4 {[%clk 0:51:08]} b5
{[%clk 0:54:07]} 17. f5 {[%clk 0:46:33]} exf5 {[%clk 0:54:08]} 18. Rxf5
{[%clk 0:46:56]} b4 {[%clk 0:52:20]} 19. Nf6+ {[%clk 0:37:55]} Kf8
{[%clk 0:45:03]} 20. Nce4 {[%clk 0:38:03]} Nd7 {[%clk 0:38:18]} 21. d5
{[%clk 0:22:21]} Nxe5 {[%clk 0:26:58]} 22. Rxe5 {[%clk 0:22:40]} Qxe5
{[%clk 0:24:17]} 23. Qc5+ {[%clk 0:23:06]} Rd6 {[%clk 0:18:18]} 24. Nxd6
{[%clk 0:23:27]} Qxd6 {[%clk 0:15:25]} 25. Qxd6+ {[%clk 0:23:52]} cxd6
{[%clk 0:15:41]} 26. dxc6 {[%clk 0:24:15]} gxf6 {[%clk 0:15:14]} 27. Rxd6
{[%clk 0:24:29]} Ke7 {[%clk 0:10:46]} 28. Rd4 {[%clk 0:23:17]} c3
{[%clk 0:05:20]} 29. bxc3 {[%clk 0:23:32]} bxc3 {[%clk 0:05:35]} 30. Rc4
{[%clk 0:23:44]} Kd6 {[%clk 0:05:21]} 31. c7 {[%clk 0:23:12]} Rc8
{[%clk 0:05:22]} 32. Rxc3 {[%clk 0:23:38]} Kd5 {[%clk 0:03:54]} 33. Kf2
{[%clk 0:23:17]} Kd4 {[%clk 0:04:12]} 34. Rd3+ {[%clk 0:23:14]} Ke5
{[%clk 0:04:27]} 35. Re3+ {[%clk 0:22:47]} Kd4 {[%clk 0:03:28]} 36. Re7
{[%clk 0:18:26]} a5 {[%clk 0:03:24]} 37. Ke1 {[%clk 0:16:03]} Kc3
{[%clk 0:03:33]} 38. Kd1 {[%clk 0:14:00]} Kb2 {[%clk 0:01:33]} 39. a4
{[%clk 0:14:24]} Ka3 {[%clk 0:01:57]} 40. Kc1 {[%clk 0:44:37]} Kxa4
{[%clk 0:32:20]} 41. Kb2 {[%clk 0:45:00]} Kb4 {[%clk 0:32:42]} 42. Rxf7
{[%clk 0:45:18]} f5 {[%clk 0:32:42]} 43. g3 a4 44. Ka2 a3 45. h3 h5 46. h4 Kc3
47. Rxf5 Rxc7 48. Rxh5 Kxc2 49. Ra5 Rb7 50. Rc5+ Kd3 51. Kxa3 Kd4 52. Rc6 Rg7 53.
Rd6+ Ke4 54. Re6+ Kd4 55. Rd6+ Ke4 56. Re6+ Ke5 1/2-1/2

[Event "MPJ C18"]
[Site "?"]
[Date "2016.03.20"]
[Round "9.14"]
[White "Golda, Sebastian"]
[Black "Adamczewski, Maciej"]
[Result "0-1"]
[LiveChessVersion "1.4.8"]
[BlackElo "1961"]
[WhiteElo "1941"]

1. e4 {[%clk 1:30:58]} e6 {[%clk 1:30:56]} 2. d4 {[%clk 1:31:19]} d5
{[%clk 1:31:22]} 3. Nd2 {[%clk 1:31:43]} a6 {[%clk 1:31:43]} 4. Ngf3
{[%clk 1:27:49]} c5 {[%clk 1:32:04]} 5. exd5 {[%clk 1:28:14]} exd5
{[%clk 1:32:29]} 6. Be2 {[%clk 1:28:09]} Nf6 {[%clk 1:32:47]} 7. O-O
{[%clk 1:28:26]} Be7 {[%clk 1:22:05]} 8. dxc5 {[%clk 1:28:47]} Bxc5
{[%clk 1:22:28]} 9. Nb3 {[%clk 1:29:08]} Bb6 {[%clk 1:22:07]} 10. Bg5
{[%clk 1:22:18]} O-O {[%clk 1:21:55]} 11. Nbd4 {[%clk 1:15:47]} Nc6
{[%clk 1:22:04]} 12. c3 {[%clk 1:15:05]} h6 {[%clk 1:21:24]} 13. Bf4
{[%clk 1:08:22]} Re8 {[%clk 1:16:34]} 14. Re1 {[%clk 1:06:13]} Ne4
{[%clk 1:14:44]} 15. Qb3 {[%clk 1:00:45]} Bg4 {[%clk 1:13:40]} 16. Rad1
{[%clk 0:59:53]} Nc5 {[%clk 1:13:40]} 17. Qc2 {[%clk 0:59:34]} Qf6
{[%clk 1:13:37]} 18. Be3 {[%clk 0:59:08]} Ne7 {[%clk 1:08:20]} 19. Ng5
{[%clk 0:53:03]} Bf5 {[%clk 0:54:51]} 20. Nxf5 {[%clk 0:52:27]} Nxf5
{[%clk 0:54:56]} 21. Bg4 {[%clk 0:09:46]} g6 {[%clk 0:32:17]} 22. Bxf5
{[%clk 0:08:42]} hxg5 {[%clk 0:32:32]} 23. Bg4 {[%clk 0:05:42]} Ne4
{[%clk 0:32:34]} 24. Bf3 {[%clk 0:05:53]} Bxe3 {[%clk 0:31:23]} 25. Rxe3
{[%clk 0:06:12]} Qf5 {[%clk 0:30:55]} 26. Rde1 {[%clk 0:05:45]} Rad8
{[%clk 0:26:49]} 27. h3 {[%clk 0:05:18]} Kg7 {[%clk 0:24:50]} 28. c4
{[%clk 0:03:45]} Rf8 {[%clk 0:13:02]} 29. cxd5 {[%clk 0:03:40]} Nd6
{[%clk 0:12:53]} 30. Qc3+ {[%clk 0:03:58]} Qf6 {[%clk 0:13:06]} 31. Qb4
{[%clk 0:00:58]} Rc8 {[%clk 0:11:19]} 32. Rc3 {[%clk 0:00:57]} Rxc3
{[%clk 0:11:16]} 33. bxc3 {[%clk 0:00:39]} Rc8 {[%clk 0:11:33]} 34. Re3
{[%clk 0:00:50]} b5 {[%clk 0:11:08]} 35. Qa3 {[%clk 0:00:35]} Nc4
{[%clk 0:11:22]} 36. Qe7 {[%clk 0:00:35]} Nxe3 {[%clk 0:11:23]} 37. Qxe3
{[%clk 0:01:00]} Rxc3 {[%clk 0:11:27]} 38. Qd2 {[%clk 0:01:01]} Rc4
{[%clk 0:11:38]} 39. Qe3 {[%clk 0:01:09]} Rd4 {[%clk 0:11:53]} 40. Qe8
{[%clk 0:31:25]} Qf4 {[%clk 0:41:34]} 41. Qe2 {[%clk 0:31:33]} Qf6
{[%clk 0:41:30]} 42. g3 {[%clk 0:31:47]} Rb4 {[%clk 0:40:52]} 43. Kg2
{[%clk 0:31:29]} Qd4 {[%clk 0:41:02]} 44. a3 {[%clk 0:26:39]} Rb2
{[%clk 0:41:09]} 45. Qe1 {[%clk 0:27:05]} Ra2 {[%clk 0:40:01]} 46. h4
{[%clk 0:26:26]} gxh4 {[%clk 0:38:46]} 47. g4 {[%clk 0:26:18]} Rxa3
{[%clk 0:38:51]} 48. g5 {[%clk 0:26:41]} Qf4 {[%clk 0:37:06]} 0-1